Munshi Premchand : (Record no. 213374)

MARC details
000 -LEADER
fixed length control field 00696nam a22002177a 4500
005 - DATE AND TIME OF LATEST TRANSACTION
control field 20250908115740.0
010 ## - LCCN (DPL NO)
LC control number ENG-146671
020 ## - INTERNATIONAL STANDARD BOOK NUMBER
Terms of availability 150.00
International Standard Book Number 9788128812149
035 ## - SYSTEM CONTROL NUMBER
System control number EN-130203
037 ## - SOURCE OF ACQUISITION
Source of stock number/acquisition DBAD
082 ## - DEWEY DECIMAL CLASSIFICATION NUMBER
Classification number 921
100 ## - MAIN ENTRY--PERSONAL NAME
Personal name Sigi, Rekha
245 ## - TITLE STATEMENT
Title Munshi Premchand :
Remainder of title Biography of a Great Hindi Writer/
Statement of responsibility, etc Rekha Sigi
260 ## - PUBLICATION, DISTRIBUTION, ETC. (IMPRINT)
Place of publication, distribution, etc Okhla, New Delhi
Name of publisher, distributor, etc Diamond Pocket Books (P) LTD.
Date of publication, distribution, etc 2019
270 ## - ADDRESS
Address X-30, Okhla Industrial Area, Phase - II
City New Delhi
Postal code 110020
Electronic mail address sales@diamondpublication.com
Telephone number 011-41611861
Fax number 011-41611866
300 ## - PHYSICAL DESCRIPTION
Extent 127p.
Dimensions 21cm(pbk)
700 ## - ADDED ENTRY--PERSONAL NAME
9 (RLIN) 84860
700 ## - ADDED ENTRY--PERSONAL NAME
9 (RLIN) 84868
700 ## - ADDED ENTRY--PERSONAL NAME
9 (RLIN) 84869
942 ## - ADDED ENTRY ELEMENTS (KOHA)
Source of classification or shelving scheme Dewey Decimal Classification
Item type English Books
Classification part 921
Call number suffix SIG
Holdings
Withdrawn status Lost status Not for loan Collection code Home library Current library Date acquired Source of acquisition Cost, normal purchase price Full call number Barcode Copy number Cost, replacement price Koha item type
      Non-fiction Sarojini Nagar Sarojini Nagar 08/09/2025 DBAD 150.00 921 SIG EN-130203 1 150.00 English Books

© Delhi Public Library
Hit Counter
free hit counter